Stranger Things Characters by Episode Count - Statistics

General Stats
  • This quiz has been taken 284 times
    277 since last reset
  • The average score is 20 of 44
Answer Stats
Hint Answer % Correct
39 Eleven
97%
41 Mike Wheeler
91%
36 Will Byers
89%
41 Nancy Wheeler
88%
41 Joyce Byers
87%
41 Lucas Sinclair
86%
41 Dustin Henderson
85%
40 Jim Hopper
85%
40 Jonathan Byers
81%
41 Steve Harrington
81%
32 Max Mayfield
77%
24 Erica Sinclair
75%
23 Holly Wheeler
75%
30 Karen Wheeler
75%
16 Vecna/Henry Creel
74%
23 Ted Wheeler
73%
25 Robin Buckley
67%
15 Billy Hargrove
60%
8 Eddie Munson
58%
12 Martin Brenner
48%
24 Murray Bauman
47%
8 Argyle
36%
6 Bob Newby
36%
4 Alexei
33%
15 Scott Clarke
31%
7 Derek Turnbow
30%
13 Sam Owens
29%
3 Barbara Holland
26%
6 Dr. Kay
23%
1 Crissy Cunningham
21%
12 Claudia Henderson
17%
1 Victor Creel
17%
6 Kali Prasad
16%
8 Jason Carver
14%
2 Fred Benson
11%
3 Suzie Bingham
9%
8 Dmitri Antonov
8%
8 Vickie Dunne
8%
6 Yuri Ismaylov
8%
7 Tommy H
7%
5 Patrick McKinney
5%
9 Andy
4%
16 Calvin Powell
4%
11 Jack Sullivan
4%
No matching quizzes found
Score Distribution
Percent of People with Each Score
Percentile by Number Answered
Your Score History
You have not taken this quiz since the last reset